000 00480nam a2200181Ia 4500
005 20250106023947.0
008 240331s9999 xx 000 0 und d
020 _a0195634438
082 _bSUB
_a950
245 0 _aSubaltern studies :
_bwritings on South Asian hstory andsociety
260 _aMew Delhi
_bOxford University Press
_c1994
300 _aviii, 241 p .,
650 _aHistory
650 _aPolitical
650 _aSociology
700 _aGuha,R.
_eedt
942 _cL
999 _c3518
_d3518